[Event "45. Capablanca In Memoriam Premier"]
[Site "La Habana CUB"]
[Date "2010.06.11"]
[Round "2.5"]
[White "Bachmann, Axel"]
[Black "Potkin, Vladimir"]
[Result "1/2-1/2"]
[WhiteElo "2563"]
[BlackElo "2634"]
[PlyCount "54"]
[EventDate "2010.06.10"]
[EventType "tourn"]
[EventRounds "9"]
[EventCountry "CUB"]
[EventCategory "13"]
[Source "lmi"]
[SourceDate "2010.06.10"]

1. e4 c5 2. Nf3 e6 3. d4 cxd4 4. Nxd4 Nc6 5. Nc3 a6 6. Nxc6 bxc6 7. Bd3 d5 8.
O-O Nf6 9. Qf3 Be7 10. e5 Nd7 11. Qg3 g6 12. Bh6 c5 13. Na4 c4 14. Be2 Qa5 15.
b3 Bb7 16. Nb2 Bf8 17. Bxf8 Kxf8 18. bxc4 Kg7 19. cxd5 Bxd5 20. Nd3 Rhc8 21.
Nf4 Rxc2 22. Rad1 Re8 23. Qg5 h6 24. Nh5+ Kh7 25. Nf6+ Nxf6 26. Qxf6 Qc7 27.
Bxa6 Re2 1/2-1/2

[Event "45. Capablanca In Memoriam Premier"]
[Site "La Habana CUB"]
[Date "2010.06.12"]
[Round "3.1"]
[White "Potkin, Vladimir"]
[Black "Almeida Quintana, Omar"]
[Result "0-1"]
[WhiteElo "2634"]
[BlackElo "2541"]
[PlyCount "94"]
[EventDate "2010.06.10"]
[EventType "tourn"]
[EventRounds "9"]
[EventCountry "CUB"]
[EventCategory "13"]
[Source "lmi"]
[SourceDate "2010.06.10"]

1. d4 Nf6 2. c4 c5 3. d5 e6 4. Nc3 exd5 5. cxd5 d6 6. Nf3 g6 7. g3 Bg7 8. Bg2
O-O 9. O-O Na6 10. Nd2 Nc7 11. Nc4 Nfe8 12. a4 b6 13. Bf4 Ba6 14. Qb3 Bxc4 15.
Qxc4 a6 16. b4 b5 17. axb5 Nxb5 18. Nxb5 Bxa1 19. Nxd6 Nxd6 20. Qxc5 Nb7 21.
Qc6 Qf6 22. Qxb7 Be5 23. Qc6 Qxc6 24. dxc6 Bxf4 25. gxf4 Rab8 26. Rb1 Rfc8 27.
Bd5 Rb5 28. e4 a5 29. Kf1 Rxb4 30. Rxb4 axb4 31. Ke2 b3 32. Kd2 b2 33. Kc2 Rb8
34. Kb1 Kf8 35. Bc4 Rb6 36. Bd5 Ke7 37. c7 Kd7 38. Bxf7 Kxc7 39. Bg8 h6 40. h4
Kd6 41. h5 gxh5 42. e5+ Kc5 43. e6 Kd6 44. f5 h4 45. f6 h3 46. e7 h2 47. e8=N+
Ke5 0-1

[Event "45. Capablanca In Memoriam Premier"]
[Site "La Habana CUB"]
[Date "2010.06.12"]
[Round "3.2"]
[White "Hernandez, Holden"]
[Black "Bachmann, Axel"]
[Result "1-0"]
[WhiteElo "2543"]
[BlackElo "2563"]
[PlyCount "115"]
[EventDate "2010.06.10"]
[EventType "tourn"]
[EventRounds "9"]
[EventCountry "CUB"]
[EventCategory "13"]
[Source "lmi"]
[SourceDate "2010.06.10"]

1. d4 g6 2. e4 Bg7 3. Nf3 d6 4. Bc4 a6 5. O-O e6 6. Bg5 Ne7 7. Bb3 h6 8. Be3
Nd7 9. Nc3 b5 10. a4 b4 11. Ne2 Bb7 12. Ng3 Nf6 13. Nd2 h5 14. f3 h4 15. Ne2 d5
16. e5 Nd7 17. a5 c5 18. Ba4 Nf5 19. Bf2 c4 20. f4 Rc8 21. Nf3 Bc6 22. b3 Nb8
23. c3 Bf8 24. cxb4 Bxb4 25. bxc4 dxc4 26. d5 Qxd5 27. Qb1 Bxa4 28. Qxb4 Bb3
29. Nc3 Qa8 30. Ng5 Nc6 31. Qa3 Nce7 32. Nce4 Qc6 33. h3 Rd8 34. Bc5 Kf8 35.
Rf2 Rd7 36. Nf6 Rb7 37. Rd2 Kg7 38. Bxe7 Rxe7 39. Rc1 Rb8 40. Nge4 Rc7 41. Nd6
Ne3 42. Rb2 Kh6 43. Rc3 Qc5 44. Qxc5 Rxc5 45. Rxe3 c3 46. Rb1 c2 47. Rc1 Ba4
48. Kf2 Rb1 49. Ree1 Rxc1 50. Rxc1 Rc3 51. Ke2 Kg7 52. Nfe4 Ra3 53. Nc4 Bb5 54.
Ned6 Rxa5 55. Nxb5 Rxb5 56. Rxc2 Rc5 57. Kd3 g5 58. fxg5 1-0

[Event "45. Capablanca In Memoriam Premier"]
[Site "La Habana CUB"]
[Date "2010.06.12"]
[Round "3.3"]
[White "Khairullin, Ildar"]
[Black "Cordova, Emilio"]
[Result "1/2-1/2"]
[WhiteElo "2617"]
[BlackElo "2552"]
[PlyCount "37"]
[EventDate "2010.06.10"]
[EventType "tourn"]
[EventRounds "9"]
[EventCountry "CUB"]
[EventCategory "13"]
[Source "lmi"]
[SourceDate "2010.06.10"]

1. d4 Nf6 2. c4 e6 3. g3 d5 4. Nf3 Nbd7 5. Bg2 c6 6. Qc2 Bd6 7. Nbd2 O-O 8. O-O
Qe7 9. Re1 e5 10. cxd5 cxd5 11. dxe5 Nxe5 12. Nxe5 Qxe5 13. Nf3 Qe4 14. Qd1 Bc5
15. Bd2 Qe7 16. Qb3 Rd8 17. Qd3 Qe4 18. Rac1 Bb6 19. Bg5 1/2-1/2

[Event "45. Capablanca In Memoriam Premier"]
[Site "La Habana CUB"]
[Date "2010.06.12"]
[Round "3.4"]
[White "Corrales Jimenez, Fidel"]
[Black "Nogueiras Santiago, Jesus"]
[Result "1-0"]
[WhiteElo "2590"]
[BlackElo "2570"]
[PlyCount "66"]
[EventDate "2010.06.10"]
[EventType "tourn"]
[EventRounds "9"]
[EventCountry "CUB"]
[EventCategory "13"]
[Source "lmi"]
[SourceDate "2010.06.10"]

1. e4 Nf6 2. e5 Nd5 3. d4 d6 4. Nf3 g6 5. Bc4 Nb6 6. Bb3 d5 7. h3 a5 8. a4 Bg7
9. O-O O-O 10. Re1 Na6 11. Be3 f6 12. Nbd2 c6 13. c3 Nc7 14. Bc2 Be6 15. b3 Nd7
16. exf6 exf6 17. Nf1 Bf7 18. Qd2 Re8 19. Re2 Ne6 20. Rae1 Bf8 21. N1h2 Qc7 22.
Ng4 Bd6 23. g3 Kg7 24. Kg2 Re7 25. Bh6+ Kg8 26. Bg5 Nxg5 27. Rxe7 Bxe7 28. Rxe7
Kf8 29. Nxg5 Kxe7 30. Qe3+ Kf8 31. Nxh7+ Kg8 32. Qh6 Qd6 33. Bxg6 Qe6 1-0

[Event "45. Capablanca In Memoriam Premier"]
[Site "La Habana CUB"]
[Date "2010.06.12"]
[Round "3.5"]
[White "Quesada Perez, Yuniesky"]
[Black "Ortiz Suarez, Isan Reynaldo"]
[Result "1-0"]
[WhiteElo "2582"]
[BlackElo "2544"]
[PlyCount "71"]
[EventDate "2010.06.10"]
[EventType "tourn"]
[EventRounds "9"]
[EventCountry "CUB"]
[EventCategory "13"]
[Source "lmi"]
[SourceDate "2010.06.10"]

1. e4 c5 2. Nf3 d6 3. d4 cxd4 4. Nxd4 Nf6 5. Nc3 a6 6. Be3 e5 7. Nb3 Be7 8. f3
Be6 9. Qd2 O-O 10. O-O-O a5 11. a4 Nc6 12. g4 Nb4 13. Kb1 Rc8 14. g5 Nh5 15.
Rg1 f5 16. gxf6 Rxf6 17. Bg5 d5 18. Bxf6 Nxf6 19. Qh6 Bf8 20. Qg5 d4 21. Qxe5
Qe7 22. Nd5 Nfxd5 23. exd5 Bxd5 24. Qxe7 Bxe7 25. Nxd4 Bf6 26. Bh3 Re8 27. c3
Nc6 28. Nf5 Bxf3 29. Rd7 g6 30. Bg2 Ne5 31. Nh6+ Kf8 32. Rxh7 Be2 33. Be4 Bg7
34. Rg2 Bd3+ 35. Bxd3 Nxd3 36. Rxg6 1-0

[Event "45. Capablanca In Memoriam Premier"]
[Site "La Habana CUB"]
[Date "2010.06.13"]
[Round "4.1"]
[White "Almeida Quintana, Omar"]
[Black "Ortiz Suarez, Isan Reynaldo"]
[Result "1/2-1/2"]
[WhiteElo "2541"]
[BlackElo "2544"]
[PlyCount "148"]
[EventDate "2010.06.10"]
[EventType "tourn"]
[EventRounds "9"]
[EventCountry "CUB"]
[EventCategory "13"]
[Source "lmi"]
[SourceDate "2010.06.10"]

1. d4 Nf6 2. Nf3 e6 3. c4 b6 4. a3 Ba6 5. Qc2 Bb7 6. Nc3 c5 7. e4 cxd4 8. Nxd4
Bc5 9. Nb3 Nc6 10. Bg5 h6 11. Bh4 Nd4 12. Nxd4 Bxd4 13. Bd3 O-O 14. Ne2 Bc5 15.
e5 g5 16. Bg3 Nh5 17. b4 Be7 18. O-O a5 19. Qb2 Qc7 20. f4 f5 21. Be1 axb4 22.
Bxb4 Bc5+ 23. Bxc5 Qxc5+ 24. Kh1 gxf4 25. Nxf4 Nxf4 26. Rxf4 Rf7 27. Be2 Rg7
28. Bf3 Bxf3 29. Rxf3 Ra4 30. Rc1 Rxc4 31. Rxc4 Qxc4 32. Qxb6 Qe2 33. Qf2 Qxe5
34. h3 Kh7 35. Qd2 Qe4 36. Rf4 Qb1+ 37. Kh2 Qb3 38. Rd4 d5 39. a4 Qb8+ 40. Kh1
Rb7 41. Qe2 Rb1+ 42. Rd1 Qb2 43. Qh5 Kg7 44. a5 Ra1 45. Qf3 Qd4 46. Qg3+ Kf6
47. Re1 Rxe1+ 48. Qxe1 Qa4 49. Qc3+ d4 50. Qc7 Qa3 51. Qb6 d3 52. a6 Qa1+ 53.
Kh2 Qe5+ 54. Kh1 Qd5 55. Qb2+ Kg6 56. a7 d2 57. Qxd2 Qxd2 58. a8=Q Qd4 59. Kh2
Qd6+ 60. Kh1 e5 61. Qg8+ Kf6 62. Qh8+ Kg5 63. Qg7+ Kf4 64. Kh2 Ke4 65. Qb7+ Qd5
66. Qa6 Qd3 67. Qxh6 f4 68. Qg5 Qd6 69. h4 Kd3 70. h5 e4 71. Qg6 Qe5 72. Qa6+
Kd2 73. Qa2+ Kd3 74. Qb3+ Kd2 1/2-1/2

[Event "45. Capablanca In Memoriam Premier"]
[Site "La Habana CUB"]
[Date "2010.06.13"]
[Round "4.2"]
[White "Nogueiras Santiago, Jesus"]
[Black "Quesada Perez, Yuniesky"]
[Result "0-1"]
[WhiteElo "2570"]
[BlackElo "2582"]
[PlyCount "118"]
[EventDate "2010.06.10"]
[EventType "tourn"]
[EventRounds "9"]
[EventCountry "CUB"]
[EventCategory "13"]
[Source "lmi"]
[SourceDate "2010.06.10"]

1. d4 Nf6 2. Nf3 e6 3. Bf4 b6 4. e3 Bb7 5. Nbd2 Be7 6. h3 c5 7. c3 O-O 8. Bd3
cxd4 9. exd4 d6 10. O-O Nbd7 11. Re1 Qc7 12. Rc1 Rfe8 13. c4 Rac8 14. b4 Bf8
15. a3 Qb8 16. Bf1 Qa8 17. Qb3 h6 18. Bg3 Ne4 19. Nxe4 Bxe4 20. Nd2 Bb7 21. Nb1
Nf6 22. Rcd1 Ne4 23. Bf4 a6 24. f3 Nf6 25. Nc3 g6 26. Be3 Qb8 27. Bf2 Qc7 28.
Rc1 Bg7 29. Qd1 Qd8 30. Qd2 Kh7 31. Red1 Qe7 32. Qa2 Qc7 33. Qb1 Qb8 34. Qb3
Kg8 35. Rc2 Qc7 36. Rdc1 Qd8 37. Na4 Nd7 38. Qd3 Bc6 39. Nc3 Bb7 40. Qd2 Nf6
41. Na4 Nd7 42. Rd1 d5 43. c5 bxc5 44. Nxc5 Nxc5 45. bxc5 e5 46. Rb1 Qd7 47.
Rb6 exd4 48. Bxd4 Bxd4+ 49. Qxd4 Bc6 50. Re2 a5 51. f4 Re4 52. Rxe4 dxe4 53.
Qf6 Qd5 54. Qe5 Qxe5 55. fxe5 Kf8 56. Ra6 e3 57. Rb6 Bd7 58. Rd6 Rxc5 59. Rxd7
Rc1 0-1

[Event "45. Capablanca In Memoriam Premier"]
[Site "La Habana CUB"]
[Date "2010.06.13"]
[Round "4.4"]
[White "Bachmann, Axel"]
[Black "Khairullin, Ildar"]
[Result "1/2-1/2"]
[WhiteElo "2563"]
[BlackElo "2617"]
[PlyCount "22"]
[EventDate "2010.06.10"]
[EventType "tourn"]
[EventRounds "9"]
[EventCountry "CUB"]
[EventCategory "13"]
[Source "lmi"]
[SourceDate "2010.06.10"]

1. e4 e5 2. Bc4 Nf6 3. d3 Nc6 4. Nc3 Na5 5. Nge2 Nxc4 6. dxc4 Be7 7. Qd3 d6 8.
O-O O-O 9. Rd1 Be6 10. Ng3 g6 11. Nd5 Nxd5 1/2-1/2

[Event "45. Capablanca In Memoriam Premier"]
[Site "La Habana CUB"]
[Date "2010.06.13"]
[Round "4.5"]
[White "Potkin, Vladimir"]
[Black "Hernandez, Holden"]
[Result "1/2-1/2"]
[WhiteElo "2634"]
[BlackElo "2543"]
[PlyCount "100"]
[EventDate "2010.06.10"]
[EventType "tourn"]
[EventRounds "9"]
[EventCountry "CUB"]
[EventCategory "13"]
[Source "lmi"]
[SourceDate "2010.06.10"]

1. d4 Nf6 2. c4 e6 3. Nc3 Bb4 4. e3 O-O 5. Bd3 d5 6. Nf3 c5 7. O-O Nc6 8. a3
Bxc3 9. bxc3 Qc7 10. Bb2 dxc4 11. Bxc4 e5 12. h3 Bf5 13. Bb5 e4 14. Nd2 a6 15.
Bxc6 Qxc6 16. c4 cxd4 17. Bxd4 Nd7 18. a4 Bg6 19. Qb1 Nc5 20. Bxc5 Qxc5 21.
Qxb7 Rad8 22. Rfd1 Rd3 23. Nxe4 Qxc4 24. Nd6 Rxd1+ 25. Rxd1 Qxa4 26. Rd4 Qa5
27. g4 h6 28. Kg2 Rd8 29. h4 h5 30. Qe7 Rb8 31. Nc4 Qb5 32. gxh5 Qxh5 33. Ne5
Bf5 34. Nf3 f6 35. Rf4 Re8 36. Qc7 Re4 37. Nd4 Rxf4 38. Qxf4 Qg4+ 39. Qxg4 Bxg4
40. Kg3 Bd1 41. Nc6 Kf7 42. Kf4 Ke6 43. e4 Kd6 44. Na5 g6 45. Ke3 Kc5 46. f4
Kb5 47. Nb7 a5 48. Nxa5 Kxa5 49. Kd4 Kb6 50. Kd5 Bf3 1/2-1/2

[Event "45. Capablanca In Memoriam Premier"]
[Site "La Habana CUB"]
[Date "2010.06.14"]
[Round "5.1"]
[White "Hernandez, Holden"]
[Black "Almeida Quintana, Omar"]
[Result "1-0"]
[WhiteElo "2543"]
[BlackElo "2541"]
[PlyCount "107"]
[EventDate "2010.06.10"]
[EventType "tourn"]
[EventRounds "9"]
[EventCountry "CUB"]
[EventCategory "13"]
[Source "lmi"]
[SourceDate "2010.06.10"]

1. d4 g6 2. e4 Bg7 3. Nf3 d6 4. Be2 Nf6 5. Nc3 O-O 6. O-O Bg4 7. Be3 Nc6 8. Qd2
e5 9. dxe5 dxe5 10. Rad1 a6 11. h3 Bxf3 12. Bxf3 Qe7 13. Rfe1 Qb4 14. Qc1 Rfd8
15. a3 Qf8 16. Ne2 Rxd1 17. Rxd1 Rd8 18. Rxd8 Qxd8 19. Nc3 Nd4 20. Bd1 c6 21.
Qd2 b5 22. b4 a5 23. f3 Nd7 24. Nb1 Nb6 25. Qd3 Nc4 26. Bc1 axb4 27. axb4 Qh4
28. c3 Ne6 29. Bb3 Bh6 30. Bxh6 Qxh6 31. Bxc4 bxc4 32. Qd2 Nf4 33. Kh2 Qh4 34.
Na3 Nh5 35. Nxc4 Qg3+ 36. Kh1 Nf4 37. Ne3 Nxh3 38. gxh3 Qxh3+ 39. Kg1 Qxf3 40.
c4 Qxe4 41. Kf2 h5 42. b5 cxb5 43. cxb5 h4 44. b6 h3 45. Kg3 Qh1 46. Qd1 Qe4
47. Qb3 Qb7 48. Kxh3 Kg7 49. Kg3 f5 50. Kf2 f4 51. Ng4 Qe7 52. Kf1 Qb7 53. Kg1
Qe4 54. Qg8+ 1-0

[Event "45. Capablanca In Memoriam Premier"]
[Site "La Habana CUB"]
[Date "2010.06.14"]
[Round "5.2"]
[White "Khairullin, Ildar"]
[Black "Potkin, Vladimir"]
[Result "1/2-1/2"]
[WhiteElo "2617"]
[BlackElo "2634"]
[PlyCount "25"]
[EventDate "2010.06.10"]
[EventType "tourn"]
[EventRounds "9"]
[EventCountry "CUB"]
[EventCategory "13"]
[Source "lmi"]
[SourceDate "2010.06.10"]

1. d4 Nf6 2. c4 e6 3. Nf3 d5 4. g3 Bb4+ 5. Bd2 Be7 6. Bg2 O-O 7. O-O c6 8. Qc2
Nbd7 9. Bf4 Nh5 10. Bc1 Nhf6 11. Bf4 Nh5 12. Bc1 Nhf6 13. Bf4 1/2-1/2

[Event "45. Capablanca In Memoriam Premier"]
[Site "La Habana CUB"]
[Date "2010.06.14"]
[Round "5.4"]
[White "Quesada Perez, Yuniesky"]
[Black "Cordova, Emilio"]
[Result "1/2-1/2"]
[WhiteElo "2582"]
[BlackElo "2552"]
[PlyCount "47"]
[EventDate "2010.06.10"]
[EventType "tourn"]
[EventRounds "9"]
[EventCountry "CUB"]
[EventCategory "13"]
[Source "lmi"]
[SourceDate "2010.06.10"]

1. e4 e6 2. d4 d5 3. Nc3 Nf6 4. e5 Nfd7 5. f4 c5 6. Nf3 Nc6 7. Be3 Be7 8. Qd2
O-O 9. Be2 a6 10. O-O b5 11. a3 Bb7 12. Rad1 Rc8 13. dxc5 Bxc5 14. Bxc5 Nxc5
15. Nd4 Nxd4 16. Qxd4 f6 17. Bd3 Qc7 18. Rde1 Nd7 19. exf6 Rxf6 20. g3 Rcf8 21.
f5 Qc6 22. fxe6 Rxe6 23. Rxe6 Rxf1+ 24. Kxf1 1/2-1/2

[Event "45. Capablanca In Memoriam Premier"]
[Site "La Habana CUB"]
[Date "2010.06.14"]
[Round "5.5"]
[White "Ortiz Suarez, Isan Reynaldo"]
[Black "Nogueiras Santiago, Jesus"]
[Result "0-1"]
[WhiteElo "2544"]
[BlackElo "2570"]
[PlyCount "62"]
[EventDate "2010.06.10"]
[EventType "tourn"]
[EventRounds "9"]
[EventCountry "CUB"]
[EventCategory "13"]
[Source "lmi"]
[SourceDate "2010.06.10"]

1. e4 e6 2. d4 d5 3. Nc3 Bb4 4. e5 Ne7 5. a3 Bxc3+ 6. bxc3 c5 7. Qg4 Qc7 8.
Qxg7 Rg8 9. Qxh7 cxd4 10. Ne2 Nbc6 11. f4 dxc3 12. Qd3 d4 13. Nxd4 Nxd4 14.
Qxd4 Bd7 15. Rg1 Rh8 16. h3 Nf5 17. Qf2 Bc6 18. g4 Nh4 19. Rg3 Qa5 20. Rd3 Rd8
21. Qg3 Rxd3 22. Qxd3 Kf8 23. Kf2 Kg7 24. Qg3 Nf3 25. Bd3 Rd8 26. Be3 Rxd3 27.
cxd3 Qb5 28. Ra2 Qb2+ 29. Rxb2 cxb2 30. f5 b1=Q 31. Qf4 Qg1+ 0-1

[Event "45. Capablanca In Memoriam Premier"]
[Site "La Habana CUB"]
[Date "2010.06.16"]
[Round "6.1"]
[White "Almeida Quintana, Omar"]
[Black "Nogueiras Santiago, Jesus"]
[Result "1/2-1/2"]
[WhiteElo "2541"]
[BlackElo "2570"]
[PlyCount "71"]
[EventDate "2010.06.10"]
[EventType "tourn"]
[EventRounds "9"]
[EventCountry "CUB"]
[EventCategory "13"]
[Source "lmi"]
[SourceDate "2010.06.10"]

1. d4 e6 2. c4 b6 3. a3 Bb7 4. Nc3 f5 5. d5 Nf6 6. Nf3 Be7 7. g3 Ne4 8. Bd2 Bf6
9. Rc1 c6 10. dxe6 dxe6 11. Bg2 c5 12. O-O O-O 13. Qc2 Nxd2 14. Nxd2 Bxg2 15.
Kxg2 Nc6 16. e3 Ne5 17. Nf3 Nxf3 18. Kxf3 Qe7 19. Kg2 Rad8 20. Rfd1 g5 21. Rxd8
Rxd8 22. Rd1 Rxd1 23. Qxd1 Bxc3 24. bxc3 g4 25. h3 h5 26. Kh2 Kf7 27. e4 Qb7
28. exf5 exf5 29. Qd3 Qc8 30. Qd5+ Qe6 31. Qd8 Kg7 32. h4 Qf7 33. Qg5+ Qg6 34.
Qe7+ Qf7 35. Qg5+ Qg6 36. Qe7+ 1/2-1/2

[Event "45. Capablanca In Memoriam Premier"]
[Site "La Habana CUB"]
[Date "2010.06.16"]
[Round "6.2"]
[White "Cordova, Emilio"]
[Black "Ortiz Suarez, Isan Reynaldo"]
[Result "0-1"]
[WhiteElo "2552"]
[BlackElo "2544"]
[PlyCount "66"]
[EventDate "2010.06.10"]
[EventType "tourn"]
[EventRounds "9"]
[EventCountry "CUB"]
[EventCategory "13"]
[Source "lmi"]
[SourceDate "2010.06.10"]

1. d4 d5 2. Nf3 Nf6 3. c4 c6 4. e3 Bg4 5. h3 Bh5 6. Nc3 e6 7. g4 Bg6 8. Ne5
Nbd7 9. Nxg6 hxg6 10. Bg2 dxc4 11. Qe2 Nb6 12. O-O Be7 13. Rd1 Qc7 14. e4 e5
15. dxe5 Nfd7 16. a4 a5 17. g5 Nxe5 18. Bf4 Bd6 19. Be3 O-O-O 20. f4 Nd3 21. e5
Bb4 22. Na2 Nd5 23. Nxb4 N5xb4 24. Bf3 Kb8 25. Be4 Nd5 26. Rf1 f5 27. gxf6 gxf6
28. Bd4 f5 29. e6 Rhe8 30. Bf3 N5xf4 31. Qe3 c5 32. Bf6 Nxh3+ 33. Kh1 Qg3 0-1

[Event "45. Capablanca In Memoriam Premier"]
[Site "La Habana CUB"]
[Date "2010.06.16"]
[Round "6.3"]
[White "Bachmann, Axel"]
[Black "Quesada Perez, Yuniesky"]
[Result "1/2-1/2"]
[WhiteElo "2561"]
[BlackElo "2582"]
[PlyCount "93"]
[EventDate "2010.06.10"]
[EventType "tourn"]
[EventRounds "9"]
[EventCountry "CUB"]
[EventCategory "13"]
[Source "lmi"]
[SourceDate "2010.06.10"]

1. c4 e5 2. Nc3 Nf6 3. g3 Bb4 4. Bg2 O-O 5. e4 Bxc3 6. bxc3 c6 7. Qb3 b6 8. Ne2
Ba6 9. d3 d5 10. exd5 cxd5 11. cxd5 Bxd3 12. c4 Be4 13. f3 Bg6 14. O-O Nbd7 15.
Ba3 Nc5 16. Qe3 Qd7 17. Bxc5 bxc5 18. Nc3 Rfe8 19. Rfd1 Rab8 20. Rd2 a6 21. d6
Qe6 22. Bf1 Rbc8 23. Rad1 Rc6 24. Nd5 Qxd6 25. Nb4 Qxd2 26. Qxd2 cxb4 27. Qxb4
e4 28. fxe4 Nxe4 29. Qa5 h6 30. Rd8 Rxd8 31. Qxd8+ Kh7 32. Be2 Rd6 33. Qa5 Rd2
34. Bf3 Rc2 35. Bxe4 Bxe4 36. Qxa6 Bd3 37. Qb7 Rxa2 38. Qd5 Bg6 39. c5 Re2 40.
c6 Be4 41. Qxf7 Bxc6 42. Qf5+ Kh8 43. Qf8+ Kh7 44. Qf5+ Kh8 45. Qc8+ Be8 46. h3
Kh7 47. Kf1 1/2-1/2

[Event "45. Capablanca In Memoriam Premier"]
[Site "La Habana CUB"]
[Date "2010.06.16"]
[Round "6.4"]
[White "Potkin, Vladimir"]
[Black "Corrales Jimenez, Fidel"]
[Result "1-0"]
[WhiteElo "2634"]
[BlackElo "2590"]
[PlyCount "69"]
[EventDate "2010.06.10"]
[EventType "tourn"]
[EventRounds "9"]
[EventCountry "CUB"]
[EventCategory "13"]
[Source "lmi"]
[SourceDate "2010.06.10"]

1. d4 Nf6 2. c4 e6 3. Nc3 Bb4 4. e3 d5 5. Nf3 c5 6. Bd3 O-O 7. O-O Nc6 8. a3
Bxc3 9. bxc3 dxc4 10. Bxc4 Qc7 11. Bb2 e5 12. h3 Bf5 13. Bb5 Rfd8 14. Qe2 e4
15. Nd2 Na5 16. c4 cxd4 17. exd4 Bg6 18. Rac1 Rac8 19. d5 a6 20. Ba4 Nd7 21.
Bxd7 Rxd7 22. Qe3 f5 23. f4 exf3 24. Nxf3 Qd6 25. Ne5 Re7 26. Qf4 Rce8 27. Nc6
Qxf4 28. Nxe7+ Rxe7 29. Rxf4 Nb3 30. Rd1 Bh5 31. d6 Rd7 32. Rd5 h6 33. Rdxf5
Bg6 34. Rf8+ Kh7 35. Rc8 1-0

[Event "45. Capablanca In Memoriam Premier"]
[Site "La Habana CUB"]
[Date "2010.06.16"]
[Round "6.5"]
[White "Hernandez, Holden"]
[Black "Khairullin, Ildar"]
[Result "1/2-1/2"]
[WhiteElo "2543"]
[BlackElo "2617"]
[PlyCount "85"]
[EventDate "2010.06.10"]
[EventType "tourn"]
[EventRounds "9"]
[EventCountry "CUB"]
[EventCategory "13"]
[Source "lmi"]
[SourceDate "2010.06.10"]

1. d4 d5 2. c4 c6 3. Nf3 Nf6 4. e3 Bf5 5. Nc3 e6 6. Nh4 Be4 7. f3 Bg6 8. Qb3
Qb6 9. Nxg6 hxg6 10. g3 Nbd7 11. Bd2 Bd6 12. Kf2 Qc7 13. Kg2 dxc4 14. Bxc4 Nb6
15. Be2 e5 16. dxe5 Bxe5 17. Rad1 O-O 18. e4 Qe7 19. Rhe1 Nfd7 20. Na4 Bd6 21.
Bf1 Nxa4 22. Qxa4 Nc5 23. Qc4 a5 24. e5 Bc7 25. Be3 Ne6 26. f4 a4 27. Be2 a3
28. b3 Ra5 29. Bg4 Rb5 30. Rd3 Nc5 31. Bxc5 Rxc5 32. Rd7 Qxd7 33. Bxd7 Rxc4 34.
bxc4 Rd8 35. e6 fxe6 36. Bxe6+ Kf8 37. c5 Rd2+ 38. Kh3 Ba5 39. Rb1 Re2 40. Bb3
Rb2 41. Rc1 Bb4 42. Be6 Ke7 43. Bg8 1/2-1/2

[Event "45. Capablanca In Memoriam Premier"]
[Site "La Habana CUB"]
[Date "2010.06.17"]
[Round "7.1"]
[White "Khairullin, Ildar"]
[Black "Almeida Quintana, Omar"]
[Result "1/2-1/2"]
[WhiteElo "2617"]
[BlackElo "2541"]
[PlyCount "32"]
[EventDate "2010.06.10"]
[EventType "tourn"]
[EventRounds "9"]
[EventCountry "CUB"]
[EventCategory "13"]
[Source "lmi"]
[SourceDate "2010.06.10"]

1. e4 g6 2. d4 Bg7 3. c4 d6 4. Nc3 c5 5. Nge2 Nc6 6. d5 Na5 7. Bd2 a6 8. Ng3
Bd7 9. Qc2 h5 10. Be2 e6 11. Nf1 exd5 12. cxd5 b5 13. Ne3 Nf6 14. O-O O-O 15.
f3 b4 16. Ncd1 Bb5 1/2-1/2

[Event "45. Capablanca In Memoriam Premier"]
[Site "La Habana CUB"]
[Date "2010.06.17"]
[Round "7.2"]
[White "Corrales Jimenez, Fidel"]
[Black "Hernandez, Holden"]
[Result "1/2-1/2"]
[WhiteElo "2590"]
[BlackElo "2543"]
[PlyCount "21"]
[EventDate "2010.06.10"]
[EventType "tourn"]
[EventRounds "9"]
[EventCountry "CUB"]
[EventCategory "13"]
[Source "lmi"]
[SourceDate "2010.06.10"]

1. d4 d5 2. c4 c6 3. Nc3 Nf6 4. cxd5 cxd5 5. Nf3 Nc6 6. Bf4 a6 7. e3 e6 8. Bd3
Bd6 9. Bxd6 Qxd6 10. O-O O-O 11. e4 1/2-1/2

[Event "45. Capablanca In Memoriam Premier"]
[Site "La Habana CUB"]
[Date "2010.06.17"]
[Round "7.3"]
[White "Quesada Perez, Yuniesky"]
[Black "Potkin, Vladimir"]
[Result "1/2-1/2"]
[WhiteElo "2582"]
[BlackElo "2634"]
[PlyCount "32"]
[EventDate "2010.06.10"]
[EventType "tourn"]
[EventRounds "9"]
[EventCountry "CUB"]
[EventCategory "13"]
[Source "lmi"]
[SourceDate "2010.06.10"]

1. e4 c5 2. Nf3 e6 3. d4 cxd4 4. Nxd4 a6 5. Bd3 Bc5 6. Nb3 Be7 7. Be3 Nf6 8.
N1d2 d6 9. f4 O-O 10. Qf3 Nc6 11. c3 b5 12. O-O-O Bb7 13. Qh3 e5 14. a3 Qc7 15.
Kb1 Rad8 16. f5 d5 1/2-1/2

[Event "45. Capablanca In Memoriam Premier"]
[Site "La Habana CUB"]
[Date "2010.06.17"]
[Round "7.5"]
[White "Nogueiras Santiago, Jesus"]
[Black "Cordova, Emilio"]
[Result "1-0"]
[WhiteElo "2570"]
[BlackElo "2552"]
[PlyCount "97"]
[EventDate "2010.06.10"]
[EventType "tourn"]
[EventRounds "9"]
[EventCountry "CUB"]
[EventCategory "13"]
[Source "lmi"]
[SourceDate "2010.06.10"]

1. c4 Nf6 2. Nc3 e5 3. Nf3 Nc6 4. g3 d5 5. cxd5 Nxd5 6. Bg2 Nb6 7. O-O Be7 8.
d3 O-O 9. Be3 Be6 10. a3 f5 11. Rc1 Re8 12. Na4 e4 13. Ne1 Bd5 14. Nc5 Bxc5 15.
Rxc5 Ne5 16. dxe4 fxe4 17. Nc2 Nec4 18. b3 Nxe3 19. Nxe3 c6 20. Nxd5 Nxd5 21.
b4 Qe7 22. Qc2 a6 23. e3 Rad8 24. Rb1 Nf6 25. h3 Rd7 26. a4 h6 27. b5 axb5 28.
axb5 cxb5 29. Rcxb5 Kh8 30. Qb2 Rb8 31. Qe5 Qd8 32. Kh2 Re7 33. Qa1 Ra8 34. Qb2
Rb8 35. Rb6 Rf7 36. Rb4 Re7 37. Rd4 Rd7 38. Rbd1 Rxd4 39. Rxd4 Qe7 40. Rb4 h5
41. Rb5 Qc7 42. Kg1 Qd7 43. Bf1 Kh7 44. Kg2 Qf7 45. Be2 g6 46. Qb4 Kg7 47. g4
hxg4 48. hxg4 Qe6 49. Qb2 1-0

[Event "45. Capablanca In Memoriam Premier"]
[Site "La Habana CUB"]
[Date "2010.06.18"]
[Round "8.1"]
[White "Almeida Quintana, Omar"]
[Black "Cordova, Emilio"]
[Result "0-1"]
[WhiteElo "2541"]
[BlackElo "2552"]
[PlyCount "104"]
[EventDate "2010.06.10"]
[EventType "tourn"]
[EventRounds "9"]
[EventCountry "CUB"]
[EventCategory "13"]
[Source "lmi"]
[SourceDate "2010.06.10"]

1. d4 Nf6 2. Nf3 e6 3. c4 c5 4. d5 b5 5. Bg5 b4 6. a3 h6 7. Bh4 Na6 8. dxe6
dxe6 9. Qxd8+ Kxd8 10. Ne5 Ke8 11. f3 Nd7 12. Nd3 Nb6 13. b3 Nd7 14. Bf2 Bb7
15. Nd2 Be7 16. axb4 Nxb4 17. Nxb4 cxb4 18. Rxa7 Rxa7 19. Bxa7 Nc5 20. e3 Kd7
21. Kf2 Ra8 22. Bxc5 Bxc5 23. Bd3 f5 24. Ke2 Ra2 25. Rc1 Ke7 26. Bb1 Ra5 27.
Rc2 Bb6 28. Ra2 Re5 29. e4 f4 30. c5 Bxc5 31. Nc4 Rg5 32. Kf1 Bd4 33. Bd3 Rc5
34. Ra4 Bc6 35. Rxb4 Bb5 36. Ne5 Rc1+ 37. Ke2 Bxe5 38. Rxb5 Kf6 39. Bc4 Bd4 40.
g3 g5 41. gxf4 gxf4 42. Rh5 Kg6 43. Rb5 e5 44. h3 Rc2+ 45. Kd1 Rc3 46. Be2 Kg5
47. Rb8 Kh4 48. Kd2 Kxh3 49. Bd1 Kg2 50. Rg8+ Kf2 51. Rg6 Rc8 52. Kd3 Ke1 0-1